=LDR 00000nam 2200000 4500 =001 INLIS000000000041059 =005 20130612150618 =008 ***********************************Ind** =035 ##$$0010-061300000041059 =041 ##$$a Ind =082 ##$$a 808.83 =090 ##$$a 808.83, Raf t =100 ##$$a Rafi, Abu Fida' Abdun =245 ##$$a Terapi penyakit korupsi, Abu Fida' Abdur Rafi =260 ##$$a 2006 $b jakarta =300 ##$$a 185 hlm, 21 cm =650 ##$$a Korupsi =850 ##$$a NBPNMAT